000 00286nam a22001337a 4500
008 190305b xxu||||| |||| 00| 0 eng d
020 _a9780495014492
041 _aeng
080 _28th
_a540
100 _a12
101 _aKIM
245 _aChemistry
_cWhitten,K.W
942 _2udc
_cBK
999 _c54579
_d54579